000 00633nam a22001935i 4500
001 163394
003 ES-MaACL
005 20250728114954.0
008 981002s1885 fr |||| | fre d
040 _aAR
_bspa
_cCCPB | 3D
100 1 _aReville, Albert.
_996442
245 1 4 _aLes Religions du Mexique de l'Amérique Centrale et du Pérou /
_cpar A. Reville.
260 _aParis :
_bLibrairie Fischloauer,
_c1885.
300 _aXII, 413 p. ;
_c23 cm.
490 1 _aHistorie des Religions ;
_v2
830 0 0 _aHistoire des religions
_v2
_9222271
852 _aES-MaACL
_jG-400
_z-- Rúst.
999 _c163394
_d163394